Calculus : (Record no. 342915)

000 -LEADER
fixed length control field 00793 a2200253 4500
020 ## - INTERNATIONAL STANDARD BOOK NUMBER
International Standard Book Number 0471383589
020 ## - INTERNATIONAL STANDARD BOOK NUMBER
International Standard Book Number 9780471383581
082 04 - DEWEY DECIMAL CLASSIFICATION NUMBER
Classification number 515
090 ## - LOCALLY ASSIGNED LC-TYPE CALL NUMBER (OCLC); LOCAL CALL NUMBER (RLIN)
-- 348
-- 348
100 1# - MAIN ENTRY--PERSONAL NAME
Personal name Salas, Satunino L.
245 10 - TITLE STATEMENT
Title Calculus :
Remainder of title one variable /
Statement of responsibility, etc. Satunino L. Salas.
250 ## - EDITION STATEMENT
Edition statement 9th Edition ed.
260 ## - PUBLICATION, DISTRIBUTION, ETC.
Place of publication, distribution, etc. [S.l.] :
Name of publisher, distributor, etc. John Wiley & Sons,
Date of publication, distribution, etc. 2003.
300 ## - PHYSICAL DESCRIPTION
Extent 816 p. ;
Dimensions 11 cm.
500 ## - GENERAL NOTE
General note Import.
500 ## - GENERAL NOTE
General note Hardcover.
650 #4 - SUBJECT ADDED ENTRY--TOPICAL TERM
Topical term or geographic name entry element Calculus & mathematical analysis.
650 #4 - SUBJECT ADDED ENTRY--TOPICAL TERM
Topical term or geographic name entry element Calculus.
650 #4 - SUBJECT ADDED ENTRY--TOPICAL TERM
Topical term or geographic name entry element Mathematics.
650 #4 - SUBJECT ADDED ENTRY--TOPICAL TERM
Topical term or geographic name entry element Science/Mathematics.
856 40 - ELECTRONIC LOCATION AND ACCESS
Materials specified Amazon.com
Uniform Resource Identifier <a href="http://www.amazon.com/exec/obidos/ASIN/0471383589/chopaconline-20">http://www.amazon.com/exec/obidos/ASIN/0471383589/chopaconline-20</a>
856 40 - ELECTRONIC LOCATION AND ACCESS
Materials specified Amazon customer reviews
Uniform Resource Identifier <a href="http://www.chopac.org/cgi-bin/tools/azrev.pl?q=0471383589">http://www.chopac.org/cgi-bin/tools/azrev.pl?q=0471383589</a>
942 ## - ADDED ENTRY ELEMENTS (KOHA)
Institution code [OBSOLETE] NBS
Koha item type Book
Call number prefix 515 SAL
Holdings
Withdrawn status Lost status Damaged status Not for loan Permanent Location Current Location Date acquired Total Checkouts Total Renewals Full call number Barcode Checked out Date last seen Date last checked out Price effective from Koha item type
        Central Library (CL) Central Library (CL) 08/28/2013 6 4 515 SAL NBSD-780 10/25/2023 09/25/2023 09/25/2023 08/28/2013 Book
© 2023 Central Library, National University of Sciences and Technology. All Rights Reserved.